[Event "GER-ch Net blitz qual1"]
[Site "Playchess.com INT"]
[Date "2021.04.24"]
[Round "2"]
[White "Frohnhaeuser, Simon"]
[Black "Brunner, Tobias"]
[Result "1-0"]
[WhiteElo "1928"]
[BlackElo "1620"]
[PlyCount "115"]
[EventDate "2021.04.24"]
[EventType "swiss (blitz)"]
[EventRounds "11"]
[EventCountry "GER"]
[SourceTitle "CBM 202 Extra"]
[Source "ChessBase"]
[SourceDate "2021.07.31"]
[SourceVersion "1"]
[SourceVersionDate "2021.07.31"]
[SourceQuality "1"]

1. e4 d5 2. exd5 Qxd5 3. d4 Nf6 4. Nc3 Qd6 5. Bc4 Bf5 6. Nge2 e6 7. Bf4 Qd8 8. 0-0 Be7 9. d5 exd5 10. Nxd5 Nxd5 11. Bxd5 c6 12. Ng3 Bg6 13. Bb3 0-0 14. Qe2 Bf6 15. c3 Qb6 16. Rad1 Na6 17. Rfe1 Nc5 18. Bd6 Rfd8 19. Bxc5 Qxc5 20. Ne4 Bxe4 21. Qxe4 g6 22. Qf4 Kg7 23. Qc7 Rxd1 24. Qxf7+ Kh6 25. Rxd1 Rf8 26. Qc4 Qxc4 27. Bxc4 Re8 28. Kf1 Kg7 29. a4 Re7 30. a5 a6 31. g3 Be5 32. f4 Bc7 33. b4 Kf6 34. Kf2 c5 35. Kf3 cxb4 36. cxb4 h5 37. Rc1 g5 38. Bd5 g4+ 39. Kf2 Rd7 40. Bxb7 Bxf4 41. gxf4 Rxb7 42. Rc6+ Kf5 43. Rb6 Rc7 44. Rxa6 Kxf4 45. Rf6+ Kg5 46. Rb6 Kf4 47. a6 Rc2+ 48. Ke1 Rxh2 49. a7 Ra2 50. Rb7 g3 51. Rf7+ Kg4 52. Rg7+ Kh3 53. b5 g2 54. b6 Kh2 55. b7 Rxa7 56. b8Q+ Kh1 57. Qxa7 g1Q+ 58. Qxg1# 1-0

[Event "GER-ch Net blitz qual1"]
[Site "Playchess.com INT"]
[Date "2021.04.24"]
[Round "6"]
[White "Toellner, Uwe"]
[Black "Brunner, Tobias"]
[Result "0-1"]
[WhiteElo "2011"]
[BlackElo "1620"]
[PlyCount "116"]
[EventDate "2021.04.24"]
[EventType "swiss (blitz)"]
[EventRounds "11"]
[EventCountry "GER"]
[SourceTitle "CBM 202 Extra"]
[Source "ChessBase"]
[SourceDate "2021.07.31"]
[SourceVersion "1"]
[SourceVersionDate "2021.07.31"]
[SourceQuality "1"]

1. Nf3 d5 2. d4 Bf5 3. Bf4 e6 4. e3 c6 5. Bd3 Bg6 6. Ne5 Bd6 7. Nxg6 hxg6 8. Qf3 Nf6 9. Nd2 Bxf4 10. Qxf4 Nbd7 11. e4 dxe4 12. Nxe4 Nxe4 13. Qxe4 Nf6 14. Qf4 Qb6 15. 0-0-0 0-0-0 16. Bc4 Rh5 17. g4 Ra5 18. g5 Rf5 19. Qd2 Nd5 20. Bb3 Qb4 21. c3 Qe7 22. h4 Rh8 23. Rdf1 Qd6 24. Bxd5 Qxd5 25. f4 a6 26. Qe3 Kc7 27. Kb1 Qg2 28. Rfg1 Qd5 29. Rf1 Kc8 30. Rh2 Qd6 31. Qe4 Qd5 32. Re1 Qxe4+ 33. Rxe4 Kc7 34. Kc2 Kd6 35. Kd3 b5 36. Ke3 c5 37. Re5 Rxe5+ 38. fxe5+ Kd5 39. dxc5 Kxe5 40. b4 f5 41. Kd3 Kd5 42. a3 e5 43. Kc2 e4 44. Rd2+ Ke5 45. c6 Rc8 46. Rd7 Rxc6 47. Rxg7 f4 48. Re7+ Re6 49. Rf7 e3 50. Kd3 Rd6+ 51. Ke2 Ke4 52. Re7+ Kf5 53. Rf7+ Kg4 54. Rf6 Rd2+ 55. Ke1 f3 56. Rf8 Ra2 57. Kd1 Ra1+ 58. Kc2 e2 0-1